La tela de araña /

Joseph Roth (Brody, 1894-París, 1939), escritor austríaco de origen judío nacido en Ucrania. Roth, uno de los más prolíficos autores en lengua alemana, debe su fama a las novelas en que recrea la peregrinación de los judíos occidentales y el desaparecido mundo de la monarquía de los Habsburgo. Forza...

Fuld beskrivelse

Guardado en:
Bibliografiske detaljer
Hovedforfatter: Roth, Joseph (autor)
Format: Bog
Sprog:spansk
Udgivet: Barcelona, España : Acantilado, 2001, c2001
Serier:(Narrativa del Acantilado ; 19)
Fag:
Tags: Tilføj Tag
Ingen Tags, Vær først til at tagge denne postø!

MARC

LEADER 00000nam^a2200000^a^4500
001 000165684
005 20250521000000.0
009 20260310101025.537
020 |a 84-95359-60-X 
037 |a Acervo ITESO - Biblioteca 
041 |a ESP 
082 |a 833.  |b ROT 
100 |a Roth, Joseph  |e (autor) 
245 1 3 |a La tela de araña /  |c J. Roth ; tr. por Javier Orduña. 
264 4 |a Barcelona, España :  |b Acantilado,  |c 2001, c2001 
300 |a 171 p. 
336 |a texto  |b txt  |2 rdacontenido 
337 |a sin mediación  |b n  |2 rdamedio 
338 |a volumen  |b nc  |2 rdasoporte 
440 1 |a (Narrativa del Acantilado ;  |v 19) 
500 |a Traducción de: Das Spinnennetz 
520 |a Joseph Roth (Brody, 1894-París, 1939), escritor austríaco de origen judío nacido en Ucrania. Roth, uno de los más prolíficos autores en lengua alemana, debe su fama a las novelas en que recrea la peregrinación de los judíos occidentales y el desaparecido mundo de la monarquía de los Habsburgo. Forzado por el régimen nazi a salir de su país, se exilió en París, donde su vida estuvo marcada por problemas financieros, el alcoholismo y una radical oposición a Hitler. Su obra es, con frecuencia, una biografía del poder y de la descomposición social ligada al ascenso del nazismo. La tela de araña (1923), Hotel Savoy (1924), Judíos errantes (1927), Fuga sin fin (1927), Izquierda y derecha (1929), Job (1930), La marcha de Radetzky (1932), El triunfo de la belleza (1934), El peso falso (1937), La cripta de los capuchinos (1938), La noche mil dos (1938), La leyenda del santo bebedor (1939), y El leviatán (1940), son algunos de sus títulos. 
649 |a XX 
650 |a Novela Austríaca 
650 |a Literatura Austríaca -  |y Siglo XX 
650 |a Literatura en Alemán 
650 |a Totalitarismo en la Literatura 
650 |a Literatura y Política -  |z Alemania 
910 |a Fondo General 
920 |a Impresos - Libros 
930 |a Colección General 
940 |a Literatura 
905 |a 101 
901 |a 0500101250  |b IT1  |c LIT  |u 20250521 
902 |a https://opac.biblio.iteso.mx/vufind/Record/000165684